00406 2200157 4500001002100000008004100021035002000062245004000082100001600122260003200138300002200170020002200192084001400214082000800228990001200236INLIS000000000002830 IND  a0010-0925000177 aKebohongan Mulia AbadicAster Putih aAster Putih aJakartabRumah Oranyec2013 a200c(13 x 19 cm) a978-602-1588-11-6 a813 AST c a813 a0755052